000 00580nam a2200229Ia 4500
005 20250425162443.0
008 250425s9999 xx 000 0 und d
020 _a9789978927366
041 _aspa
082 _a808.831
100 _aMONTALVO, JUAN
245 0 _aFISIOLOGIA DE LA RISA Y OTROS TEXTOS
250 _a1A ED.
260 _aEcuador
_bMINISTERIO DE EDUCACION DEL ECUADOR
_c2009
260 _aQUITO
300 _a287
500 _aCOLECCION MEMORIA DE LA PATRIA
650 _aENSAYOS
650 _aLITERATURA ECUATORIANA
942 _c01
010 _a75125
999 _c229558
_d229558